000 00337 a2200109 4500
001 ART_7791
005 20260410161638.0
008 260409a
245 1 0 _aLa problemática fiscal de las exportaciones de servicios
100 1 _aEdelstein, Andrés M.
773 0 _tConsultor tributario
_g- Nº 10 (dic. 2007)
_wREV474
999 _c13039
_d13039